Statistics for Mission: Impossible Franchise

Click here to take the quiz!

General Stats

  • This quiz has been taken 26 times
  • The average score is 11 of 13

Answer Stats

TypeYearNameInfo% Correct
TV Show1966-1973Mission: ImpossibleCBS
100%
TV Show1988-1990Mission: ImpossibleABC
100%
Video Game1990Mission: ImpossibleUltra Games
100%
Film1996Mission: ImpossibleParamount
100%
Video Game1998Mission: ImpossibleOcean Software
100%
Video Game2000Mission: ImpossibleInfogrames
100%
Film2000Mission: Impossible 2Paramount
100%
Film2006Mission: Impossible IIIParamount
100%
Film2018Mission: Impossible - FalloutParamount
95%
Film2011Mission: Impossible - Ghost ProtocolParamount
95%
Film2015Mission: Impossible - Rogue NationParamount
82%
Video Game2003Mission: Impossible - Operation SurmaAtari
9%
Film1968Mission: Impossible vs. the MobParamount
5%

Score Distribution

Percentile by Number Answered

Percent of People with Each Score

Your Score History

You have not taken this quiz